Valid Answer - U.S. History - Statistics

General Stats
  • This quiz has been taken 22,490 times
  • The average score is 12 of 20
Answer Stats
Clue Valid Answers % Correct
U.S. Presidents who were shot but didn't die Theodore Roosevelt | Ronald Reagan | Donald Trump
86%
Three oldest U.S. state capitals Santa Fe | Albany | Boston
85%
Six most populous cities in the Confederacy New Orleans | Charleston | Richmond | Mobile | Memphis | Savannah
79%
Political parties of U.S. Presidents other than Democrats and Republicans Federalist | Whig
73%
Space shuttles Columbia | Challenger | Discovery | Atlantis | Endeavour | Enterprise
72%
Foreign-born first ladies of the U.S. Louisa Adams | Melania Trump
72%
Cities where Elvis lived Tupelo | Memphis | Las Vegas?
72%
Signers of the Declaration of Independence from Massachusetts John Hancock | Samuel Adams | John Adams | Robert Treat Paine | Elbridge Gerry
67%
Female Secretaries of State Madeleine Albright | Condoleezza Rice | Hillary Clinton
65%
Countries in the Americas invaded by the U.S. in the 1980s Grenada | Panama
62%
"Five Civilized Tribes" of the southeastern U.S. Cherokee | Chickasaw | Choctaw | Creek | Seminole
60%
Nobel Peace Prize winners from the state of Georgia Martin Luther King Jr. | Jimmy Carter
60%
Currently independent countries that were a territory of the U.S. for more than 10 years Philippines | Marshall Islands | F. S. Micronesia | Palau
53%
Battleships sunk at Pearl Harbor Arizona | Oklahoma | California | West Virginia
48%
Vice Presidents who shot someone while in office Aaron Burr | Dick Cheney
47%
A member of the "Rat Pack" besides Frank Sinatra Dean Martin | Sammy Davis Jr. | Peter Lawford | Joey Bishop
44%
Major Generals of the U.S. Army during the Civil War (other than Ulysses S. Grant) John C. Fremont | George McClellan | Philip Sheridan | William Tecumseh Sherman | +4 others
43%
Monopolies broken up by the U.S. government Standard Oil | AT&T
39%
Two cities that exchanged the world's first telegraph message Baltimore | Washington D.C.
30%
Best-selling makes of cars in the 1950s not part of the "Big 3" Studebaker | Packard | Nash | Rambler | Hudson
14%
No matching quizzes found
Score Distribution
Percent of People with Each Score
Percentile by Number Answered
Your Score History
You have not taken this quiz